000 00476nam a2200181Ia 4500
001 22299
005 20260414150822.0
008 260414t2011||||xx |||||||||||||| ||spa||
041 _aESP
082 _a621.312134
_bG23
100 _aGarcía Alarcón, Cástor Javier
_eAUT
245 0 _aSaltos hidroeléctricos :
_bconceptos básicos y aplicaciones
260 _c2011
300 _a180 páginas :
_c24 cm.
650 _aTCA
654 _aCET
942 _cLIB
_dJUS
_fJUS
_2ddc
_n
999 _c22299
_d22299